| 000 | 00502nam a2200145 a 4500 | ||
|---|---|---|---|
| 001 | 000026833 | ||
| 005 | 20200930030434.0 | ||
| 008 | 110325s1955 dr 000 0 spa d | ||
| 040 |
_aDO-SdBNP _bspa _cBNPHU |
||
| 111 | 2 |
_aFeria de la Paz y Confraternidad del Mundo Libre. _d(1955 : _cCiudad Trujillo ) _953952 |
|
| 245 | 1 | 0 | _aFeria de la Paz y Confraternidad del Mundo Libre. |
| 260 |
_aCiudad Trujillo, República Dominicana : _bEditora del Caribe., _c1955. |
||
| 300 |
_a57 p. ; _c23 cm. |
||
| 049 | _aBNPD | ||
| 999 |
_c26325 _d26325 |
||